|
|
|
|
| LEADER |
00000naa2a2200000 4500 |
| 001 |
608020 |
| 005 |
20260317091023.0 |
| 035 |
|
|
|a (RuTPU)RU\TPU\conf\5436
|
| 035 |
|
|
|a RU\TPU\conf\5435
|
| 090 |
|
|
|a 608020
|
| 100 |
|
|
|a 20140911d2014 k y0rusy50 ca
|
| 101 |
0 |
|
|a rus
|
| 102 |
|
|
|a RU
|
| 135 |
|
|
|a drgn ---uucaa
|
| 181 |
|
0 |
|a i
|
| 182 |
|
0 |
|a b
|
| 200 |
1 |
|
|a Роль системы управления знаниями в повышении конкурентоспособности предприятия
|f А. В. Маслов, Д. В. Рыженков
|
| 203 |
|
|
|a Текст
|c электронный
|
| 225 |
1 |
|
|a Системный анализ, управление и обработка информации в экономике
|
| 300 |
|
|
|a Заглавие с титульного экрана
|
| 320 |
|
|
|a [Библиогр.: с. 33 (4 назв.)]
|
| 337 |
|
|
|a Adobe Reader
|
| 463 |
|
0 |
|0 (RuTPU)RU\TPU\conf\5406
|t Современные технологии поддержки принятия решений в экономике
|o сборник трудов Всероссийской научно-практической конференции студентов, аспирантов и молодых ученых, 28-20 апреля 2014 г., г. Юрга
|f Национальный исследовательский Томский политехнический университет (ТПУ), Юргинский технологический институт (ЮТИ) ; отв. ред. А. А. Захарова
|v [С. 31-33]
|d 2014
|
| 610 |
1 |
|
|a труды учёных ТПУ
|
| 610 |
1 |
|
|a электронный ресурс
|
| 610 |
1 |
|
|a системы управления
|
| 610 |
1 |
|
|a знания
|
| 610 |
1 |
|
|a конкурентоспособность
|
| 610 |
1 |
|
|a предприятия
|
| 610 |
1 |
|
|a рыночная экономика
|
| 610 |
1 |
|
|a бизнес-процессы
|
| 700 |
|
1 |
|a Маслов
|b А. В.
|c российский учёный в области информационных систем
|c доцент Юргинского технологического института(филиал) Томского политехнического университета
|g Анатолий Викторович
|3 (RuTPU)RU\TPU\pers\24268
|
| 701 |
|
1 |
|a Рыженков
|b Д. В.
|
| 712 |
0 |
2 |
|a Национальный исследовательский Томский политехнический университет (ТПУ)
|b Юргинский технологический институт (филиал) (ЮТИ)
|b Кафедра информационных систем (ИС)
|3 (RuTPU)RU\TPU\col\18893
|
| 801 |
|
2 |
|a RU
|b 63413507
|c 20220214
|g RCR
|
| 856 |
4 |
|
|u http://earchive.tpu.ru/handle/11683/69528
|
| 856 |
4 |
|
|u http://www.lib.tpu.ru/fulltext/c/2014/C79/010.pdf
|
| 942 |
|
|
|c BK
|